| 000 | 01117cab a22002295a 4500 | ||
|---|---|---|---|
| 001 | L158295 | ||
| 008 | 141128e20141124xxk 000 0 eng d | ||
| 035 | _a(Sirsi) u158295 | ||
| 041 | 0 | _aeng | |
| 110 | 2 |
_aHalifax _95942 |
|
| 245 | 0 | 0 | _aValue of UK private housing breaks £5 trillion |
| 260 | _c2014 | ||
| 490 |
_aHalifax Press Release _v22 November 2014 |
||
| 520 | _aThe value of UK's private housing stock in 2014 is estimated to be worth £5.06 trillion compared with £3.22 trillion in 2004; an increase of £1.83 trillion, or 57% between 2004 and 2014. 7.2 million households in England own their home outright and are mortgage free. Increase in private new build contributed to growth in value of the housing stock. Notes growth across all regions. | ||
| 590 | _aKA | ||
| 650 | 2 | 4 | _aVALUE |
| 650 | 2 | 4 | _aHOUSING STOCK |
| 651 | 4 |
_aUnited Kingdom _y |
|
| 690 |
_aResidential property _96266 |
||
| 856 | 4 | 0 |
_uhttps://www.lloydsbankinggroup.com/globalassets/media/press-releases/new-folder/141122-value-of-housing-2014-final.pdf _zView this item free of charge at www.lloydsbankinggroup.com |
| 942 | _n0 | ||
| 999 |
_c84549 _d84549 |
||